MDQL
is popping MORE tags! Check the
thread
!
Quizzes
Events
Quiz Creation
Community
Videos
Private Events
Remove Ads
Sign In
Join for FREE
Feedback
Dark Mode
Quiz Categories
Sports
Geography
Music
Movies
Television
Just For Fun
Miscellaneous
History
Literature
Language
Science
Gaming
Entertainment
Religion
Holiday
For Kids
Quiz Lab
Recent
Popular Today
Quiz Kudos Today
Editor Picks
Curator Picks
Quizzes by...
Day
Popularity
Type
Ratings
Length
Year
Community
Subscriptions
Recent Discussions
Orange Saloon
Badges
Playlists
Quests
Create
Leaderboards
Showdown
Live 5
Trivia Bingo
Activity
Puzzle Library
Sporcle Events
Private Events
Virtual Trivia
Globe League
Become a Host
Pub Owners
SporcleCon
Opinionation
Our Games
Videos
Blog
Mobile Apps
Partnerships
Remove Ads and Go Orange
Feedback
Geography
Country
Landmarks
City
State
Population
World
Capital
Continent
Flags
Europe
Africa
Asia
South America
North America
Oceania
Border
Canada
United Kingdom
Topography
United States
Geography
Country
Landmarks
City
State
Population
World
Capital
Continent
Flags
Europe
Africa
Asia
South America
North America
Oceania
Border
Canada
United Kingdom
Topography
United States
Random Quiz
Search Sporcle
×
Quiz Lab
Quiz Lab
Geography
Basketball
Type in answers that appear in a list
Type in answers that appear in a list
Classic
Best Score? Go Orange.
NBA Teams by County Stats
Can you name the Basketball Teams by County?
By
kingwes
5m
30 Questions
141 Plays
141 Plays
141 Plays
Comments
Comments
Give Quiz Kudos
Give Quiz Kudos
-
- Ratings
hide this ad
Forced Order
Answers have to be entered in order
Answers have to be entered in order
Replay
Link that replays current quiz
Next Quiz
Link to next quiz in quiz playlist
You Got
0%
They Got
Avg Score
81%
Avg Friend Score
Upgrade to see
Score Distribution
Jump to the score distribution portion of the page
Score
0/30
Timer
05:00
0
Plays Today
County
Teams
% Correct
Sacramento County
Sacramento Kings
97.9%
Denver County
Denver Nuggets
97.2%
Toronto Regional Municipality
Toronto Raptors
97.2%
Oklahoma County
Oklahoma City Thunder
97.2%
Los Angeles County
Los Angeles Lakers
97.2%
Dallas County
Dallas Mavericks
96.5%
Milwaukee County
Milwaukee Bucks
96.5%
Miami-
Dade County
Miami Heat
96.5%
Philadelphia County
Philadelphia 76ers
95.7%
New York County
New York Knicks
95%
Salt Lake County
Utah Jazz
94.3%
Los Angeles County
Los Angeles Clippers
94.3%
District of Columbia
Washington Wizards
90.1%
Orleans Parish
New Orleans Hornets
89.4%
Cook County
Chicago Bulls
82.3%
County
Teams
% Correct
Fulton County
Atlanta Hawks
81.6%
Suffolk County
Boston Celtics
78.7%
Essex County
New Jersey Nets
77.3%
Maricopa County
Phoenix Suns
75.2%
Orange County
Orlando Magic
71.6%
Harris County
Houston Rockets
70.9%
Cuyahoga County
Cleveland Cavaliers
70.2%
Mecklenburg County
Charlotte Bobcats
68.8%
Hennepin County
Minneapolis Timberwolves
68.8%
Marion County
Indiana Pacers
67.4%
Oakland County
Detriot Pistons
67.4%
Multnomah County
Portland Trail Blazers
65.2%
Medina County
San Antonio Spurs
61%
Alameda County
Golden State Warriors
61%
Shelby County
Memphis Grizzlies
52.5%
Quiz Playlist
Details
Report
Send in Message
Add To Playlist
Classic:
Type in answers that appear in a list
Forced Order:
Answers have to be entered in order
Quiz Source
Last Updated: Feb 16, 2017
Quiz Scoreboard
CHALLENGE
Sign Up to Join the Scoreboard
Show All
Scores
Hide
Comments
May contain spoilers
Recently Published
Street Fighter Characters
by Artimus82
Gaming
60s
9x9 Crossword: Cartoon Network
by jackfrog10
Miscellaneous
3m
College Basketball Coaching Resumes
by pancakes188
Sports
9m
More to Explore
Quiz From the Vault
Featured Blog Post
Where Did the Easter Bunny Come From?
hide this ad
You Might Also Like...
Tags
Basketball Quiz
NBA Quiz
counties
team
Today's Top Quizzes in Geography
Browse Geography
hide this ad
Today's Top Quizzes in Basketball
Browse Basketball
Top Contributed Quizzes in Geography
1
Countries of the World - No Outlines Minefield
2
Top 25 Cities of France on a map
3
Any capital of a 'B' country per Continent
4
Any capital of a 'C' country per Continent
5
Closest Countries to UK A-Z
6
Any capital of a 'D' country per Continent
7
5-to-1: US Geography No Hints
8
Any capital of an 'E' country per Continent
9
Find the US States - No Outlines
10
Any capital of an 'F' country per Continent
Explore More
Trending Topics
Crossword
Harry Potter
Disney
Marvel
Anime
Kpop
NBA
Country
The Office
Puzzle
Soccer
NFL
Pokémon
WWE
Song
hide this ad
More By:
kingwes
Quiz
Plays
Rating
Category
Featured
Created
General Secretaries of the USSR
282
3.40
History
Jun 2, 2011
Country Quiz: Confederacy
195
3.75
Geography
Jun 25, 2011
NBA Teams by County
141
2.20
Geography
Jun 25, 2011
Largest church organizations in the United States
91
Religion
Jun 1, 2011
Commanding Officers of the Battlestar Pegasus
23
Television
Jun 2, 2011
Go to Creator's Profile
Score Distribution
Quiz Creator Spotlight
kingwes
Follow
Send a Message
Quizzes Created
-
Created Quiz Play Count
-
More By This Creator
Popular Quizzes Today
1
Find the US States - No Outlines Minefield
2
Find the Countries of Europe - No Outlines Minefield
3
The Countries of the World
4
Find the US States
5
Risky Map Clicking: Biggest States A-Z
6
US States
7
Popular People in 1961
8
Movies - When Are They Set?
More Geography Quizzes
'S' Countries Population Highs and Lows
Published
Trending Quizzes
Risky Map Clicking: Least Populous States A-Z
Countries of the World: 200 Million BC
1-10 Letter G Words
Risky Map Clicking: Next State Alphabetically
Adjectives in 80s TV Shows
Recently Updated
Leaping Animals
pecheneg
Reality TV Shows (A-Z)
bhenderson79
Rickey Henderson's Hall of Fame Teammates
pecheneg
Champions League XIs: Arsenal
pecheneg
Quick Pick: Celebrities in WWE's Hall of Fame
aduchscher
A-Z Keypad Blitz II
pecheneg
Multiple Oscar Actors
pecheneg
Mystery Phrase Blitz: Oscar 'Best Actors'
pecheneg
F. Scott Fitzgerald Novels
LTH
Pick 3 Villains
ddd62291
Trending Topics
Marvel
Anime
Crossword
NBA
Harry Potter
Kpop
Disney
Country
Soccer
Pokémon
The Office
Puzzle
Song
NFL
WWE
Your Account Isn't Verified!
In order to create a playlist on Sporcle, you need to verify the email address you used during registration. Go to your
Sporcle Settings
to finish the process.
Report this User
Report this user for behavior that violates our
Community Guidelines
.
Details:
Send Report
Go to the Sporcle.com Mobile Site →
Comments